Der Ring des Lebens (Record no. 6343)

MARC details
000 -CABECERA
campo de control de longitud fija 00553nam a2200217 a 4500
001 - NÚMERO DE CONTROL
campo de control BRCA_6659
005 - FECHA Y HORA DE LA ÚLTIMA TRANSACCIÓN
campo de control 20190320205539.0
008 - DATOS DE LONGITUD FIJA--INFORMACIÓN GENERAL
campo de control de longitud fija 121011s1880----gw-#######---#000-0#ger-#
041 ## - CÓDIGO DE LENGUA
Código de lengua del texto/banda sonora o título independiente ger
044 ## - CÓDIGO DEL PAÍS DE LA ENTIDAD EDITORA/PRODUCTORA
Código MARC del país gw
050 #4 - SIGNATURA TOPOGRÁFICA DE LA BIBLIOTECA DEL CONGRESO
Número de clasificación PT2615
Número de documento/Ítem .A34 R55
100 1# - ENTRADA PRINCIPAL--NOMBRE DE PERSONA
Nombre de persona Halbe, Max
Fechas asociadas al nombre 1865-1944
9 (RLIN) 16673
245 10 - MENCIÓN DE TÍTULO
Título Der Ring des Lebens
Mención de responsabilidad, etc. Max Halbe.
260 ## - PUBLICACIÓN, DISTRIBUCIÓN, ETC.
Lugar de publicación, distribución, etc. Berlín
Nombre del editor, distribuidor, etc. Allstein
Fecha de publicación, distribución, etc. [1880]
300 ## - DESCRIPCIÓN FÍSICA
Extensión 315 p.
Dimensiones 16 cm.
500 ## - NOTA GENERAL
Nota general Estado físico: Encuadernación desprendida
500 ## - NOTA GENERAL
Nota general L167
650 14 - PUNTO DE ACCESO ADICIONAL DE MATERIA--TÉRMINO DE MATERIA
Término de materia o nombre geográfico como elemento de entrada Literatura
9 (RLIN) 16400
902 ## - CATALOGADOR
Iniciales GFM
942 ## - ELEMENTOS DE PUNTO DE ACCESO ADICIONAL (KOHA)
Fuente del sistema de clasificación o colocación Library of Congress Classification
Tipo de ítem Koha Libros
Holdings
Estado de retiro Estado de pérdida Estado dañado No para préstamo Localización permanente Ubicación/localización actual Fecha de adquisición Número de inventario Total de préstamos Signatura topográfica completa Código de barras Fecha visto por última vez Precio válido a partir de Tipo de ítem Koha
El ejemplar forma parte de la colección y puede ser consultado según las políticas vigentes.       Biblioteca del Museo Franz Mayer (Rogerio Casas-Alatriste) Biblioteca del Museo Franz Mayer (Rogerio Casas-Alatriste) 12/10/2011 L167   PT2615 .A34 R55 (L167) 7107 22/03/2019 22/03/2019 Libros